Basketball-Bundesligisten 2025/26 - Statistiken

Allgemein
  • Dieses Quiz wurde 81 mal gespielt
  • Das Durchschnittsergebnis liegt bei 13 aus 18
Antwortstatistiken
Antwort % Korrekt
München
100%
Berlin
94%
Bamberg
81%
Frankfurt
81%
Hamburg
81%
Ulm
80%
Jena
72%
Trier
71%
Oldenburg
70%
Würzburg
67%
Rostock
64%
Bonn
61%
Braunschweig
61%
Ludwigsburg
61%
Vechta
59%
Chemnitz
57%
MBC
54%
Heidelberg
52%
Keine übereinstimmenden Quizze gefunden
Verteilung der Resultate
Anzahl Personen mit jedem Resultat
Perzentil nach korrekt beantworteten Fragen
Ihre Resultats-Entwicklung
Sie haben dieses Quiz noch nicht gespielt